Vector mechanics for engineers statics/dynamics (Record no. 8184)

MARC details
000 -LEADER
fixed length control field 00280nam a2200109Ia 4500
008 - FIXED-LENGTH DATA ELEMENTS--GENERAL INFORMATION
fixed length control field 191201s2019 xx 000 0 und d
100 ## - MAIN ENTRY--PERSONAL NAME
Personal name BEER, Ferding & P
245 #0 - TITLE STATEMENT
Title Vector mechanics for engineers statics/dynamics
260 ## - PUBLICATION, DISTRIBUTION, ETC. (IMPRINT)
Name of publisher, distributor, etc TMH
Place of publication, distribution, etc NEW DELHI
300 ## - PHYSICAL DESCRIPTION
Extent 1395
942 ## - ADDED ENTRY ELEMENTS (KOHA)
Source of classification or shelving scheme Dewey Decimal Classification
Koha item type Text Books
Holdings
Withdrawn status Lost status Source of classification or shelving scheme Damaged status Not for loan Collection code Home library Current library Date acquired Source of acquisition Cost, normal purchase price Bill Number Total Checkouts Full call number Acc. no. / Barcode Date last seen Actual Cost, discounted price Bill Date Koha item type
    Dewey Decimal Classification     Diploma in Mechanical PIET C-LIBRARY PIET C-LIBRARY 15/05/2019 KIRTI PRAKASHAN, NEW DELHI 850.00 IN3878   621 BEV DE1340 04/12/2019 578.00 15/05/2019 Text Books
    Dewey Decimal Classification     Diploma in Mechanical PIET C-LIBRARY PIET C-LIBRARY 15/05/2019 KIRTI PRAKASHAN, NEW DELHI 850.00 IN3878   621 BEV DE1341 04/12/2019 578.00 15/05/2019 Text Books

Design & Developed by: PIET Central Library
R70 Miles Stone Pattikalyana Samalkha Panipat 132102
mail ID :- [email protected], Phone No:- 0180-2569700 Ex.216